000 00217nam a22000857a 4500
008 160718b xxu||||| |||| 00| 0 eng d
100 _93034
_aAggarwal R.S
245 _aMathematics-8
260 _aPatna
_bB.B. Publication
_c2010
999 _c2597
_d2597